Man's role in changing the face of the earth / (Record no. 26005)
[ view plain ]
| 000 -LEADER | |
|---|---|
| fixed length control field | 00972cam a22002175a 4500 |
| 001 - CONTROL NUMBER | |
| control field | 748830 |
| 005 - DATE AND TIME OF LATEST TRANSACTION | |
| control field | 20180123155442.0 |
| 008 - FIXED-LENGTH DATA ELEMENTS--GENERAL INFORMATION | |
| fixed length control field | 730508t1956 ilua frb 100 0 eng d |
| 040 ## - CATALOGING SOURCE | |
| Original cataloging agency | DLC |
| Transcribing agency | DLC |
| Modifying agency | DLC |
| -- | EG-ScBUE |
| Language of cataloging | eng |
| 082 04 - DEWEY DECIMAL CLASSIFICATION NUMBER | |
| Classification number | 304.2 |
| Edition number | 22 |
| Item number | MAN |
| 111 2# - MAIN ENTRY--MEETING NAME | |
| Meeting name or jurisdiction name as entry element | International Symposium on Man's Role in Changing the Face of the Earth, |
| Location of meeting | Princeton, N.J., |
| Date of meeting | 1955. |
| 245 10 - TITLE STATEMENT | |
| Title | Man's role in changing the face of the earth / |
| Statement of responsibility, etc | Edited by William L. Thomas, with the collaboration of Carl O. Sauer, Marston Bates [and] Lewis Mumford. |
| 260 ## - PUBLICATION, DISTRIBUTION, ETC. (IMPRINT) | |
| Place of publication, distribution, etc | Chicago : |
| Name of publisher, distributor, etc | Wenner-Gren Foundation for Anthropological Research and the National Science Foundation by the University of Chicago Press, |
| Date of publication, distribution, etc | c.1956. |
| 300 ## - PHYSICAL DESCRIPTION | |
| Extent | xxxviii, 1193 p. : |
| Other physical details | ill. ; |
| Dimensions | 25 cm. |
| 504 ## - BIBLIOGRAPHY, ETC. NOTE | |
| Bibliography, etc | Includes bibliographical references and index. |
| 650 #7 - SUBJECT ADDED ENTRY--TOPICAL TERM | |
| Topical term or geographic name as entry element | Human geography |
| General subdivision | Congresses. |
| Source of heading or term | BUEsh |
| 651 ## - SUBJECT ADDED ENTRY--GEOGRAPHIC NAME | |
| Source of heading or term | BUEsh |
| 653 ## - INDEX TERM--UNCONTROLLED | |
| Resource For college | Generalities |
| Arrived date list | January2018 |
| 700 1# - ADDED ENTRY--PERSONAL NAME | |
| Personal name | Thomas, William Leroy, |
| Dates associated with a name | 1920- |
| Relator term | editor. |
| 942 ## - ADDED ENTRY ELEMENTS (KOHA) | |
| Source of classification or shelving scheme | Dewey Decimal Classification |
| Withdrawn status | Item status | Source of classification or shelving scheme | Damaged status | Not for loan | Home library | Current library | Shelving location | Date acquired | Total Checkouts | Full call number | Barcode | Date last seen | Koha item type |
|---|---|---|---|---|---|---|---|---|---|---|---|---|---|
| Dewey Decimal Classification | Central Library | Central Library | First floor | 23/01/2018 | 304.2 MAN | 000047165 | 15/07/2025 | Book - Borrowing |